Designing from both sides of the screen: how designers and engineers can collaborate to build cooperative technology

Saved in:
書目詳細資料
Main Authors: Isaacs, Ellen (Author), Walendowski, Alan (Author)
格式: 圖書
語言:英语
出版: Indianápolis New Riders 2002
主題:
標簽: 添加標簽
沒有標簽, 成為第一個標記此記錄!

MARC

LEADER 00000nam a2200000 a 4500
001 UCK6905
003 CL-VaPUC
008 051021e20020000US |||||||||||||||||eng|d
020 |a 0672321513 
082 0 4 |a 005.12  |b ISA  |2 21 
100 0 |a Isaacs, Ellen  |e author  |9 496413 
700 0 |a Walendowski, Alan  |e author  |9 496414 
245 1 0 |a Designing from both sides of the screen: how designers and engineers can collaborate to build cooperative technology 
300 |a 336 p 
942 |c BK 
945 |d 20051021 00:00:00  |a jcarroza 
260 |a Indianápolis  |b New Riders  |c 2002 
650 7 |a SOTWARE  |2 CL-VaPUC  |9 375166 
650 0 |a Diseño de software  |9 451623 
650 0 |a Ingeniería de sistemas   |9 261019 
583 |a last modification  |c 20051021 00:00:00  |k Rodrigo Vera 
999 |c 315041  |d 315039 
952 |0 0  |1 0  |2 ddc  |4 0  |6 005_120000000000000_ISA_2002  |7 0  |8 P  |9 387940  |a BIBARQ  |b BIBARQ  |d 2019-11-22  |i 4176774  |o 005.12 ISA 2002  |p 4176774  |r 2025-01-20  |w 2019-11-22  |y BK  |k ARQ